[Event "Niedersachsen-ch Seniors op 10th"]
[Site "Bad Bevensen"]
[Date "2007.07.11"]
[Round "9"]
[White "Lange, Siegfried"]
[Black "Boehm, Karl1"]
[Result "1/2-1/2"]
[WhiteElo "1892"]
[BlackElo "1664"]
[PlyCount "29"]
[EventDate "2007.07.03"]
[EventType "swiss"]
[EventRounds "9"]
[EventCountry "GER"]
[SourceTitle "EXT 2022"]
[Source "ChessBase"]
[SourceDate "2021.10.06"]
[SourceVersion "1"]
[SourceVersionDate "2021.10.06"]
[SourceQuality "1"]

1. d4 d5 2. c4 e6 3. Nf3 Nf6 4. Bg5 Be7 5. Nc3 0-0 6. e3 a6 7. Rc1 dxc4 8. Bxc4 b5 9. Bd3 Bb7 10. 0-0 Nbd7 11. Qe2 Rc8 12. Rfd1 Nd5 13. Bxe7 Qxe7 14. Nxd5 Bxd5 15. b3 1/2-1/2

[Event "Niedersachsen-ch Seniors op 10th"]
[Site "Bad Bevensen"]
[Date "2007.07.03"]
[Round "1"]
[White "Lange, Siegfried"]
[Black "Prinz, Tade"]
[Result "1-0"]
[WhiteElo "1892"]
[BlackElo "1566"]
[PlyCount "71"]
[EventDate "2007.07.03"]
[EventType "swiss"]
[EventRounds "9"]
[EventCountry "GER"]
[SourceTitle "EXT 2022"]
[Source "ChessBase"]
[SourceDate "2021.10.06"]
[SourceVersion "1"]
[SourceVersionDate "2021.10.06"]
[SourceQuality "1"]

1. d4 Nf6 2. Bg5 d6 3. Nf3 Nbd7 4. Nc3 c6 5. e3 Qa5 6. Bd3 Nd5 7. Qd2 Nb4 8. Be2 b5 9. 0-0 Na6 10. a3 Qc7 11. d5 b4 12. axb4 Nxb4 13. dxc6 Nxc6 14. Nd5 Qb8 15. Bb5 Nd8 16. Qa5 Ne6 17. Nd4 g6 18. Nxe6 fxe6 19. Nc7+ Kf7 20. Bc6 Nb6 21. Nxa8 Nxa8 22. Qxa7 Qxa7 23. Rxa7 Nb6 24. Rfa1 h6 25. Bh4 g5 26. Bg3 e5 27. Rc7 Bg7 28. Raa7 Bf6 29. b3 Be6 30. e4 h5 31. f3 Rb8 32. Rcb7 Nc8 33. Rxb8 Nxa7 34. Be8+ Kg7 35. Bf2 Nc8 36. Bxh5 1-0

[Event "Niedersachsen-ch Seniors op 09th"]
[Site "Bad Bevensen"]
[Date "2006.06.26"]
[Round "3"]
[White "Schneidereit, Manfred"]
[Black "Lange, Siegfried"]
[Result "0-1"]
[WhiteElo "1560"]
[BlackElo "1926"]
[PlyCount "54"]
[EventDate "2006.06.24"]
[EventType "swiss"]
[EventRounds "9"]
[EventCountry "GER"]
[SourceTitle "EXT 2022"]
[Source "ChessBase"]
[SourceDate "2021.10.06"]
[SourceVersion "1"]
[SourceVersionDate "2021.10.06"]
[SourceQuality "1"]

1. e4 e6 2. d4 d5 3. Nc3 Bb4 4. exd5 exd5 5. Bd2 Nf6 6. Bd3 Nc6 7. Nf3 Bg4 8. Qe2+ Be7 9. Be3 0-0 10. h3 Bd7 11. a3 Re8 12. 0-0-0 a6 13. Ne5 Bd6 14. Nxc6 Bxc6 15. Qf3 Ne4 16. Bxe4 dxe4 17. Qg4 Bd7 18. Qh5 g6 19. Qe2 b5 20. b4 a5 21. Nxb5 Bxb5 22. Qxb5 axb4 23. axb4 Rb8 24. Qd5 Rxb4 25. Kd2 Rb2 26. Rb1 Bb4+ 27. Kc1 Rxb1+ 0-1

[Event "GER-chT Seniors 14th"]
[Site "Sottrum"]
[Date "2005.09.22"]
[Round "5"]
[White "Lange, Siegfried"]
[Black "Badestein, Hartmut"]
[Result "1/2-1/2"]
[WhiteElo "2053"]
[BlackElo "2191"]
[PlyCount "40"]
[EventDate "2005.09.18"]
[EventType "team-swiss"]
[EventRounds "7"]
[EventCountry "GER"]
[SourceTitle "CBM 108 Extra"]
[Source "ChessBase"]
[SourceDate "2005.11.04"]
[SourceVersion "1"]
[SourceVersionDate "2005.11.04"]
[SourceQuality "1"]

1. d4 d5 2. c4 e6 3. Nc3 Nf6 4. Bg5 c6 5. e3 Nbd7 6. Nf3 Be7 7. Bd3 0-0 8. 0-0 dxc4 9. Bxc4 Nd5 10. Bxe7 Qxe7 11. Rc1 Nxc3 12. Rxc3 e5 13. dxe5 Nxe5 14. Nxe5 Qxe5 15. f4 Qe4 16. Bb3 Bf5 17. Qe2 Qe7 18. g4 Be4 19. f5 Qg5 20. Rf4 Rfe8 1/2-1/2

[Event "GER-chT Seniors 14th"]
[Site "Sottrum"]
[Date "2005.09.18"]
[Round "1"]
[White "Lange, Siegfried"]
[Black "Assmann, Hans"]
[Result "1-0"]
[WhiteElo "2053"]
[BlackElo "1815"]
[PlyCount "135"]
[EventDate "2005.09.18"]
[EventType "team-swiss"]
[EventRounds "7"]
[EventCountry "GER"]
[SourceTitle "CBM 108 Extra"]
[Source "ChessBase"]
[SourceDate "2005.11.04"]
[SourceVersion "1"]
[SourceVersionDate "2005.11.04"]
[SourceQuality "1"]

1. d4 Nf6 2. Bg5 e6 3. e4 h6 4. Bxf6 Qxf6 5. Nc3 Bb4 6. Qd2 c6 7. e5 Qe7 8. a3 Bxc3 9. Qxc3 a5 10. f4 Na6 11. Qg3 g6 12. Bd3 Nc7 13. Nf3 b6 14. Nd2 b5 15. Ne4 Ba6 16. Nf6+ Kf8 17. h4 Ne8 18. Nxe8 Kxe8 19. h5 g5 20. 0-0 Rg8 21. f5 Kd8 22. fxe6 dxe6 23. Rf6 Qf8 24. Raf1 Ra7 25. Qf3 c5 26. Qc6 Bc8 27. Qb6+ Rc7 28. Qxc5 Qxc5 29. dxc5 Rxc5 30. Re1 g4 31. Rxh6 Ke7 32. Rh7 Bd7 33. Bg6 Be8 34. Kh2 g3+ 35. Kh3 b4 36. axb4 axb4 37. Bd3 Rd5 38. Kh4 b3 39. Re2 bxc2 40. Bxc2 Bb5 41. Re3 Rd2 42. Bg6 Rxg2 43. Rxf7+ Kd8 44. Rb3 Ba6 45. Ra3 Rh2+ 46. Kxg3 Rxh5 47. Rf6 Rg5+ 48. Kf4 R5xg6 49. Rxg6 Rxg6 50. Rxa6 Ke7 51. b4 Kd7 52. Rd6+ Ke7 53. b5 Rg1 54. b6 Rb1 55. Ke4 Rb3 56. Kd4 Rb5 57. Kc4 Rb1 58. Kc5 Rc1+ 59. Kb5 Rb1+ 60. Kc6 Rc1+ 61. Kb7 Rc5 62. Rc6 Rxe5 63. Kc7 Rd5 64. b7 Rd7+ 65. Kb6 Rd8 66. Rc8 Rd6+ 67. Kc5 Rd5+ 68. Kc4 1-0

[Event "GER-chT Seniors 12th"]
[Site "Finsterbergen"]
[Date "2003.08.13"]
[Round "4.3"]
[White "Schmidt, Lothar"]
[Black "Lange, Siegfried"]
[Result "1-0"]
[WhiteElo "2133"]
[BlackElo "2058"]
[PlyCount "57"]
[EventDate "2003.08.10"]
[EventType "team-tourn"]
[EventRounds "7"]
[EventCountry "GER"]
[SourceTitle "EXT 2012"]
[Source "ChessBase"]
[SourceDate "2011.11.24"]
[SourceVersion "1"]
[SourceVersionDate "2011.11.24"]
[SourceQuality "1"]
[WhiteTeam "Thueringen"]
[BlackTeam "Hamburg"]
[WhiteTeamCountry "GER"]
[BlackTeamCountry "GER"]

1. d4 e6 2. Nf3 f5 3. Bf4 Nf6 4. e3 d5 5. Nbd2 Be7 6. Bd3 0-0 7. Ne5 Nbd7 8. Ndf3 c6 9. c3 Ne4 10. Nxd7 Bxd7 11. h4 Be8 12. Qc2 b5 13. g3 h6 14. Ne5 c5 15. f3 c4 16. Bxe4 fxe4 17. fxe4 b4 18. exd5 Qxd5 19. e4 Qb5 20. 0-0 Rc8 21. Qe2 Rf6 22. Be3 bxc3 23. bxc3 Qa5 24. Rxf6 Bxf6 25. Ng4 Qxc3 26. Rc1 Qb4 27. Nxf6+ gxf6 28. Qg4+ Kf7 29. Bxh6 1-0

[Event "GER North-ch Seniors 6th"]
[Site "Bad Bevensen"]
[Date "2003.06.25"]
[Round "5"]
[White "Ahlberg, Guenter"]
[Black "Lange, Siegfried"]
[Result "1/2-1/2"]
[WhiteElo "2149"]
[BlackElo "2058"]
[PlyCount "20"]
[EventDate "2003.06.??"]
[EventType "swiss"]
[EventRounds "9"]
[EventCountry "GER"]
[SourceTitle "EXT 2006"]
[Source "ChessBase"]
[SourceDate "2005.11.24"]
[SourceVersion "1"]
[SourceVersionDate "2005.11.24"]
[SourceQuality "1"]

1. e4 e6 2. d4 d5 3. Nc3 Bb4 4. e5 c5 5. Bd2 Ne7 6. dxc5 Bxc5 7. Bd3 Nbc6 8. f4 Bd7 9. Nf3 h6 10. Qe2 Nb4 1/2-1/2

[Event "GER North-ch Seniors 5th"]
[Site "Bad Bevensen"]
[Date "2002.06.30"]
[Round "9"]
[White "Lange, Siegfried"]
[Black "Zunker, Reinhard"]
[Result "0-1"]
[WhiteElo "2094"]
[BlackElo "2226"]
[PlyCount "94"]
[EventDate "2002.06.??"]
[EventType "swiss"]
[EventRounds "9"]
[EventCountry "GER"]
[SourceTitle "EXT 2006"]
[Source "ChessBase"]
[SourceDate "2005.11.24"]
[SourceVersion "1"]
[SourceVersionDate "2005.11.24"]
[SourceQuality "1"]

1. d4 Nf6 2. Bg5 e6 3. e4 h6 4. Bxf6 Qxf6 5. Nc3 d6 6. Qd2 a6 7. f4 Qd8 8. Nf3 Nd7 9. Be2 c6 10. d5 exd5 11. exd5 c5 12. 0-0 Be7 13. a4 0-0 14. Bd3 Nf6 15. Rae1 Re8 16. Re2 Bd7 17. Rfe1 Bf8 18. Rxe8 Bxe8 19. f5 Qb6 20. Kh1 Bd7 21. Rg1 c4 22. Bxc4 Bxf5 23. Bd3 Bxd3 24. Qxd3 Ng4 25. Nd1 Re8 26. h3 Ne5 27. Nxe5 Rxe5 28. Rf1 g6 29. b3 Qb4 30. c4 Re1 31. Ne3 Rxf1+ 32. Nxf1 Qe1 33. Qf3 Bg7 34. g3 Bd4 35. Kg2 Kg7 36. g4 Qc1 37. Kh1 Qc2 38. Ng3 Be5 39. Nf1 Bc3 40. Ng3 Qxb3 41. Ne2 Qb1+ 42. Kg2 Be5 43. Qe3 Qb4 44. c5 Qxc5 45. Qxc5 dxc5 46. Kf3 f5 47. Nc1 Kf6 0-1

[Event "GER North-ch Seniors 5th"]
[Site "Bad Bevensen"]
[Date "2002.06.27"]
[Round "6"]
[White "Lange, Siegfried"]
[Black "Gruzmann, Boris"]
[Result "0-1"]
[WhiteElo "2094"]
[BlackElo "2263"]
[PlyCount "102"]
[EventDate "2002.06.??"]
[EventType "swiss"]
[EventRounds "9"]
[EventCountry "GER"]
[SourceTitle "EXT 2006"]
[Source "ChessBase"]
[SourceDate "2005.11.24"]
[SourceVersion "1"]
[SourceVersionDate "2005.11.24"]
[SourceQuality "1"]

1. d4 Nf6 2. Bg5 Ne4 3. Bf4 c5 4. f3 Qa5+ 5. c3 Nf6 6. Nd2 cxd4 7. Nb3 Qd8 8. Bxb8 Rxb8 9. Qxd4 a6 10. e4 d6 11. f4 e6 12. Nf3 Be7 13. Be2 0-0 14. 0-0 d5 15. e5 Nd7 16. Kh1 Qb6 17. Qd3 Nc5 18. Nxc5 Qxc5 19. Nd4 b5 20. a3 Bd7 21. Qh3 f5 22. g4 Qc8 23. gxf5 exf5 24. Rg1 Bc5 25. Qh6 Rf7 26. e6 Bxe6 27. Nxe6 Bxg1 28. Rxg1 Rbb7 29. Nd4 Rbe7 30. Bf3 Re1 31. Qg5 Rxg1+ 32. Kxg1 Rf6 33. Bxd5+ Kh8 34. Kf2 h6 35. Qg3 Rd6 36. Bb3 Qc5 37. Qe3 Rd8 38. Bc2 g6 39. Bb3 Kh7 40. Qe6 h5 41. Kg3 Qd6 42. Qf7+ Kh6 43. Ne6 Rd7 44. Qf6 Qd3+ 45. Kh4 Qd6 46. Qg5+ Kh7 47. Qf6 Kh6 48. Qh8+ Rh7 49. Qg8 Rd7 50. Bc2 Qe7+ 51. Kh3 Qf6 0-1

[Event "GER North-ch Seniors 5th"]
[Site "Bad Bevensen"]
[Date "2002.06.26"]
[Round "5"]
[White "Lange, Siegfried"]
[Black "Bauer, Wolfgang"]
[Result "1-0"]
[WhiteElo "2094"]
[BlackElo "1928"]
[PlyCount "58"]
[EventDate "2002.06.??"]
[EventType "swiss"]
[EventRounds "9"]
[EventCountry "GER"]
[SourceTitle "EXT 2006"]
[Source "ChessBase"]
[SourceDate "2005.11.24"]
[SourceVersion "1"]
[SourceVersionDate "2005.11.24"]
[SourceQuality "1"]

1. d4 b6 2. c4 Bb7 3. Nc3 e6 4. Nf3 Nf6 5. e3 c5 6. d5 exd5 7. cxd5 d6 8. e4 Be7 9. Bc4 0-0 10. 0-0 Ba6 11. Bxa6 Nxa6 12. Qe2 Nc7 13. a4 a6 14. Bf4 Re8 15. Rfe1 Nh5 16. Be3 Bf6 17. Nd2 g6 18. Rab1 Qd7 19. Nc4 Rab8 20. g4 Ng7 21. Qf3 Qe7 22. Bf4 Red8 23. e5 Bxe5 24. Bxe5 dxe5 25. Nxe5 Re8 26. d6 Qxd6 27. Qxf7+ Kh8 28. Qxe8+ Rxe8 29. Nf7+ Kg8 1-0

[Event "Bad Bevensen Seniors op 4th"]
[Site "Bad Bevensen"]
[Date "2001.06.19"]
[Round "4"]
[White "Krueger, Sigurd"]
[Black "Lange, Siegfried"]
[Result "1/2-1/2"]
[WhiteElo "1853"]
[BlackElo "2116"]
[PlyCount "45"]
[EventDate "2001.06.??"]
[EventType "swiss"]
[EventRounds "9"]
[EventCountry "GER"]
[SourceTitle "EXT 2006"]
[Source "ChessBase"]
[SourceDate "2005.11.24"]
[SourceVersion "1"]
[SourceVersionDate "2005.11.24"]
[SourceQuality "1"]

1. c4 c5 2. Nc3 Nf6 3. g3 d5 4. cxd5 Nxd5 5. Bg2 Nc7 6. e3 e5 7. Nge2 Nc6 8. 0-0 Be7 9. f4 exf4 10. Nxf4 0-0 11. Nfd5 Nxd5 12. Nxd5 Be6 13. Nxe7+ Qxe7 14. Rf2 Rfd8 15. Bxc6 bxc6 16. b3 Bd5 17. Qg4 f5 18. Rxf5 Rf8 19. Bb2 Rxf5 20. Qxf5 Rf8 21. Qe5 Qf7 22. Qf4 Qg6 23. Qe5 1/2-1/2

[Event "GER-chT Seniors 09th"]
[Site "Halle"]
[Date "2000.08.23"]
[Round "4.3"]
[White "Lange, Siegfried"]
[Black "Matthes, Manfred"]
[Result "1-0"]
[WhiteElo "1892"]
[BlackElo "1926"]
[PlyCount "73"]
[EventDate "2000.08.20"]
[EventType "team-tourn"]
[EventRounds "7"]
[EventCountry "GER"]
[SourceTitle "EXT 2002"]
[Source "ChessBase"]
[SourceDate "2001.11.25"]
[SourceVersion "1"]
[SourceVersionDate "2001.11.25"]
[SourceQuality "1"]

1. d4 c6 2. c4 d5 3. Nc3 e6 4. Nf3 Bb4 5. e3 Nf6 6. Qc2 Ne4 7. Bd3 Bxc3+ 8. bxc3 f5 9. 0-0 0-0 10. cxd5 cxd5 11. c4 Nc6 12. Rb1 Kh8 13. g3 Rb8 14. Rd1 Bd7 15. Ba3 Rf6 16. Ne5 Be8 17. f3 Ng5 18. Kg2 Rh6 19. cxd5 Nxe5 20. dxe5 exd5 21. Bxf5 Bc6 22. Qc5 Qe8 23. h4 Nf7 24. e6 Ne5 25. Qd4 Nc4 26. Bb2 Nxb2 27. Rxb2 Rf6 28. Bh3 a6 29. Rc1 Rd8 30. Rd1 Qe7 31. e4 Rxf3 32. e5 Qa3 33. Rb3 Rxb3 34. axb3 Qxb3 35. Rf1 Kg8 36. e7 Re8 37. Be6+ 1-0

[Event "GER-chT Seniors 09th"]
[Site "Halle"]
[Date "2000.08.20"]
[Round "1.3"]
[White "Hardt, Manfred"]
[Black "Lange, Siegfried"]
[Result "0-1"]
[WhiteElo "1871"]
[BlackElo "2104"]
[PlyCount "92"]
[EventDate "2000.08.20"]
[EventType "team-tourn"]
[EventRounds "7"]
[EventCountry "GER"]
[SourceTitle "EXT 2002"]
[Source "ChessBase"]
[SourceDate "2001.11.25"]
[SourceVersion "1"]
[SourceVersionDate "2001.11.25"]
[SourceQuality "1"]

1. e4 e6 2. d4 d5 3. Nd2 Nf6 4. e5 Nfd7 5. f4 c5 6. c3 Nc6 7. Ndf3 Qb6 8. g3 cxd4 9. cxd4 Bb4+ 10. Kf2 g5 11. Be3 gxf4 12. Bxf4 Be7 13. Qd2 f6 14. Kg2 fxe5 15. Nxe5 Ndxe5 16. Bxe5 Nxe5 17. dxe5 Bd7 18. Nf3 d4 19. Bd3 Bc6 20. Rhf1 0-0 21. Rf2 Rf7 22. Qe2 Raf8 23. Raf1 Bg5 24. Be4 Be3 25. Qc2 Bxf2 26. Rxf2 Bxe4 27. Qxe4 Qc6 28. Qxd4 Kh8 29. Qe3 Qd5 30. a3 b6 31. Qc3 Qe4 32. b3 Rd7 33. Qe1 Qxe1 34. Nxe1 Rxf2+ 35. Kxf2 Rd2+ 36. Ke3 Rb2 37. Nf3 Rxb3+ 38. Ke4 Rxa3 39. Ng5 Ra4+ 40. Kd3 Kg7 41. Nxe6+ Kf7 42. Ng5+ Ke7 43. Ke3 h6 44. Nf3 Ke6 45. h3 Ra3+ 46. Ke4 Rxf3 0-1

[Event "Wichern op 5th"]
[Site "Hamburg"]
[Date "1999.10.22"]
[Round "9.81"]
[White "Lange, Siegfried"]
[Black "Strenzke, Guenter"]
[Result "1/2-1/2"]
[WhiteElo "2110"]
[BlackElo "1891"]
[PlyCount "44"]
[EventDate "1999.10.15"]
[EventType "swiss"]
[EventRounds "9"]
[EventCountry "GER"]
[SourceTitle "EXT 2001"]
[Source "ChessBase"]
[SourceDate "2000.11.22"]
[SourceVersion "1"]
[SourceVersionDate "2000.11.22"]
[SourceQuality "1"]

1. d4 Nf6 2. Bg5 d5 3. Bxf6 exf6 4. e3 Bd6 5. Bd3 0-0 6. Nd2 c6 7. h3 Re8 8. Qf3 Nd7 9. Ne2 Nf8 10. g4 Be6 11. Ng3 c5 12. dxc5 Bxc5 13. Nb3 d4 14. e4 Bb4+ 15. Kf1 Ng6 16. Nf5 Ne5 17. Qe2 Nc6 18. a3 Bf8 19. Nd2 g6 20. Ng3 Bd6 21. Kg2 Bxg3 22. Kxg3 f5 1/2-1/2

[Event "Wichern op 5th"]
[Site "Hamburg"]
[Date "1999.10.20"]
[Round "7.49"]
[White "Lange, Siegfried"]
[Black "Bokelbrink, Uwe"]
[Result "0-1"]
[WhiteElo "2110"]
[BlackElo "2309"]
[PlyCount "90"]
[EventDate "1999.10.15"]
[EventType "swiss"]
[EventRounds "9"]
[EventCountry "GER"]
[SourceTitle "EXT 2001"]
[Source "ChessBase"]
[SourceDate "2000.11.22"]
[SourceVersion "1"]
[SourceVersionDate "2000.11.22"]
[SourceQuality "1"]

1. d4 Nf6 2. Bg5 Ne4 3. Bf4 c5 4. f3 Qa5+ 5. c3 Nf6 6. Nd2 cxd4 7. Nb3 Qf5 8. Qxd4 Nc6 9. Qd2 e5 10. Bg5 Be7 11. Bxf6 Qxf6 12. e4 0-0 13. Bc4 Qg6 14. Qf2 d6 15. Ne2 Bd8 16. 0-0-0 Be6 17. Bxe6 Qxe6 18. Ng3 Ne7 19. Qd2 Bc7 20. Kb1 a5 21. Qd3 a4 22. Nd2 Rfd8 23. Qc4 Qd7 24. a3 b5 25. Qd3 Qc6 26. Ndf1 d5 27. Ne3 d4 28. Nef5 Nxf5 29. Nxf5 Qe8 30. Qd2 h6 31. Qc2 Rac8 32. Qf2 Kh7 33. cxd4 g6 34. Ne3 exd4 35. Nd5 Be5 36. Rc1 Rc4 37. Nb6 Qc6 38. Nxc4 bxc4 39. Qd2 Rb8 40. Rc2 d3 41. Rc3 Bxc3 42. Qxc3 Rb3 43. Qd4 c3 44. Qxd3 Rxb2+ 45. Kc1 Qc5 0-1

[Event "Wichern op 5th"]
[Site "Hamburg"]
[Date "1999.10.17"]
[Round "3.37"]
[White "Zierke, Oliver"]
[Black "Lange, Siegfried"]
[Result "1-0"]
[WhiteElo "2314"]
[BlackElo "2110"]
[PlyCount "77"]
[EventDate "1999.10.15"]
[EventType "swiss"]
[EventRounds "9"]
[EventCountry "GER"]
[SourceTitle "EXT 2001"]
[Source "ChessBase"]
[SourceDate "2000.11.22"]
[SourceVersion "1"]
[SourceVersionDate "2000.11.22"]
[SourceQuality "1"]

1. d4 e6 2. Nf3 f5 3. g3 Nf6 4. Bg2 d5 5. 0-0 Bd6 6. b3 Qe7 7. c4 c6 8. Bb2 0-0 9. Ne5 Nbd7 10. Qc1 Ne4 11. Nd3 Qg5 12. Qxg5 Nxg5 13. Ba3 Bxa3 14. Nxa3 Nf6 15. b4 Bd7 16. Rab1 Nge4 17. Rfc1 Rfc8 18. Ne5 Be8 19. f3 Ng5 20. b5 cxb5 21. Nxb5 Bxb5 22. Rxb5 Rc7 23. c5 Nf7 24. Nd3 Kf8 25. Rcb1 Nd8 26. R1b2 Ke7 27. Kf2 Rac8 28. e3 Nd7 29. e4 fxe4 30. fxe4 Nf6 31. exd5 Nxd5 32. Bxd5 exd5 33. Nf4 Rd7 34. Re2+ Kf7 35. Re5 Nc6 36. Rxd5 Rxd5 37. Rxb7+ Kf8 38. Nxd5 Nxd4 39. Nc7 1-0

[Event "Wichern op 4th"]
[Site "Hamburg"]
[Date "1997.??.??"]
[Round "5"]
[White "Meyer, Falko"]
[Black "Lange, Siegfried"]
[Result "1-0"]
[WhiteElo "2335"]
[BlackElo "2120"]
[PlyCount "51"]
[EventDate "1997.10.??"]
[EventType "swiss"]
[EventRounds "9"]
[EventCountry "GER"]
[SourceTitle "EXT 1998"]
[Source "ChessBase"]
[SourceDate "1997.11.17"]
[SourceVersion "1"]
[SourceVersionDate "1997.11.17"]
[SourceQuality "1"]

1. e4 e6 2. d4 d5 3. Nc3 Bb4 4. e5 c5 5. Bd2 Ne7 6. Nb5 Bxd2+ 7. Qxd2 0-0 8. c3 Nbc6 9. f4 cxd4 10. cxd4 Nf5 11. Nf3 a6 12. Nc3 b5 13. Rd1 Bd7 14. Rg1 Na5 15. b3 Rc8 16. Bd3 b4 17. Ne2 Qb6 18. g4 Ne7 19. Bxh7+ Kxh7 20. Ng5+ Kg8 21. Qd3 Ng6 22. Qh3 Rfd8 23. f5 Rc2 24. fxg6 Rxe2+ 25. Kxe2 Bb5+ 26. Ke3 1-0